Knihy
Uloženo v:
LEADER 01631nam a22004092a 4500
001 000931267
003 CZ BrMZK
005 20200323083751.0
007 ta
008 090224s1987 xr er|||||||||||cze d
020 |q (brož.) 
040 |a BOA001  |b cze 
043 |a e-cs--- 
045 |a x8x8 
072 7 |a 314  |x Demografie. Populace  |2 Konspekt  |9 18 
080 |a 311.21  |2 MRF 
080 |a 314.116  |2 MRF 
080 |a (437)  |2 MRF 
080 |a (048.8:083.41)  |2 MRF 
245 0 0 |a Mikrocensus 1986.  |n 2. díl,  |p ČSR, SSR/  |c schválila Jiřina Růžková ; Federální statistický úřad, Slovenský statistický úřad, Český statistický úřad 
260 |a [Praha] :  |b Federální statistický úřad,  |c 1987 
300 |a s. 130-387  |b tab. 
490 1 |a Československá statistika. Sčít ;  |v č. 42 ; č. v řadě 1 
650 0 7 |a statistická šetření  |z Československo  |y 1986  |7 ph191042  |2 czenas 
650 0 7 |a sčítání obyvatelstva  |z Československo  |7 ph126386  |2 czenas 
653 0 |a Mikrocensus 
655 7 |a statistické přehledy  |7 fd133587  |2 czenas 
700 1 |a Růžková, Jiřina,  |d 1940-  |7 mzk2005279344  |4 oth 
700 1 |a Čtrnáct, Pavel,  |d 1950-2017  |7 jk01021914  |4 oth 
710 1 |a Československo.  |b Federální statistický úřad  |7 ko2003181656 
710 2 |a Slovenský štatistický úrad v Bratislave  |7 ko2003181080 
710 2 |a Český statistický úřad  |7 ko2002105674 
830 0 |a Československá statistika.  |p Sčít 
910 |a BOA001  |b 4-0850.189,1986,2 
990 |a BK 
991 |b 200902 
996 6 |b BC-678582  |c 4-0850.189,1986,2  |l MZK  |r Sklad / do 1 hodiny  |n 0  |w 000931267  |u 000010  |a 1  |e BOA001  |j MZK50  |s P